| 000 | 00336nam a22001337a 4500 | ||
|---|---|---|---|
| 008 | 160520b xxu||||| |||| 00| 0 eng d | ||
| 020 | _a9781582555676 | ||
| 020 | _a9781582555676 | ||
| 020 | _a1582555672 | ||
| 041 | _aeng | ||
| 080 | _a618.2 | ||
| 245 |
_aMedical surgical nursing: _cWolters Kluwer; Williams Wilkins; |
||
| 942 |
_2udc _cBK |
||
| 999 |
_c2293 _d2293 |
||